Financial globalization: unequal blessings (Record no. 288658)

000 -LEADER
fixed length control field 00544cam a22001577a 4500
008 - FIXED-LENGTH DATA ELEMENTS--GENERAL INFORMATION
fixed length control field 180718b2002 xxu||||| |||| 00| 0 eng d
100 ## - MAIN ENTRY--PERSONAL NAME
Personal name Torre, Augusto de la
245 ## - TITLE STATEMENT
Title Financial globalization: unequal blessings
Statement of responsibility, etc. by Augusto de la Torre, Eduardo Levy Yeyati and Sergio L. Schmukler
260 ## - PUBLICATION, DISTRIBUTION, ETC.
Place of publication, distribution, etc. Washington, D.C.
Name of publisher, distributor, etc. World Bank
Date of publication, distribution, etc. 2002
300 ## - PHYSICAL DESCRIPTION
Extent 19p.
440 ## - SERIES STATEMENT/ADDED ENTRY--TITLE
Title Policy Research Working Paper, No. 2903
650 ## - SUBJECT ADDED ENTRY--TOPICAL TERM
Topical term or geographic name entry element Globalization
650 ## - SUBJECT ADDED ENTRY--TOPICAL TERM
Topical term or geographic name entry element International finance
700 ## - ADDED ENTRY--PERSONAL NAME
Personal name Schmukler, Sergio L.
700 ## - ADDED ENTRY--PERSONAL NAME
Personal name Yeyati, Eduardo Levy
Holdings
Withdrawn status Lost status Damaged status Not for loan Permanent Location Current Location Date acquired Barcode Date last seen Price effective from Koha item type
        Indian Institute of Public Administration Indian Institute of Public Administration 2003-01-02 WB9445 2018-07-20 2018-07-20 WB

Powered by Koha